01507nam a2200361 a 4500001001200000003000800012006001900020007001500039008004100054010001700095020003400112020002700146040002100173035002100194050002400215082002000239100003100259245012500290250001200415260004200427300002500469504006600494505010500560533015200665650004800817650004200865650001900907655002900926700003000955710001700985856012601002999001701128ebr10644007CaPaEBRm u cr cn|||||||||121109s2013 cauad sb 001 0 eng d z 2012042015 z9781118190135 (paper/website) z9781118227657 (e-book) aCaPaEBRcCaPaEBR a(OCoLC)81886640014aJA71.7b.R56 2013eb04a351.01/51952231 aRingquist, Evan J.,d1962-10aMeta-analysis for public management and policyh[electronic resource] /cEvan J. Ringquist ; edited by Mary R. Anderson. a1st ed. aSan Francisco :bJossey-Bass,cc2013. axxii, 563 p. :bill. aIncludes bibliographical references (p. 514-542) and indexes.0 apt. 1. Techniques of meta-analysis -- pt. 2. Meta-analysis in public management and policy research. aElectronic reproduction.bPalo Alto, Calif. :cebrary,d2013.nAvailable via World Wide Web.nAccess may be limited to ebrary affiliated libraries. 0aPublic administrationxStatistical methods. 0aSocial sciencesxStatistical methods. 0aMeta-analysis. 7aElectronic books.2local1 aAnderson, Mary R.,d1973-2 aebrary, Inc.40uhttp://site.ebrary.com/lib/rucke/Doc?id=10644007zAn electronic book accessible through the World Wide Web; click to view c29848d29848